书目信息 |
| 题名: |
工程流体力学
|
|
| 作者: | 孔珑 主编 | |
| 分册: | ||
| 出版信息: | 北京 中国电力出版社 2007.02 |
|
| 页数: | 289页 | |
| 开本: | 26cm | |
| 丛书名: | ||
| 单 册: | ||
| 中图分类: | TB126 | |
| 科图分类: | ||
| 主题词: | 工程力学--gong cheng li xue--流体力学--高等学校--教材 | |
| 电子资源: | ||
| ISBN: | 978-7-5083-4870-4 | |
| 000 | 00961nam0 2200253 450 | |
| 001 | 012007200218 | |
| 005 | 20070927105144.43 | |
| 010 | @a978-7-5083-4870-4@dCNY28.00 | |
| 100 | @a20070816d2007 km y0chiy0120 ea | |
| 101 | 0 | @achi |
| 102 | @aCN@b110000 | |
| 105 | @aa a 000yy | |
| 200 | 1 | @a工程流体力学@Agong cheng liu ti li xue@f孔珑主编@Fkong long zhu bian |
| 205 | @a第3版 | |
| 210 | @a北京@c中国电力出版社@d2007.02 | |
| 215 | @a289页@c图@d26cm | |
| 300 | @a普通高等教育“十一五”国家级规划教材 | |
| 320 | @a有书目 (第289页)。 | |
| 330 | @a本教材共有十章。内容包括:绪论,流体及其物理性质,流体静力学,流体运动学和流体动力学基础,相似原理和量纲分析,管内流动和水力计算,液体出流,气体的一维流动,理想流体的有旋流动和无旋流动,黏性流体绕过物体的流动,气体的二维流动。 | |
| 606 | 0 | @a工程力学@Agong cheng li xue@x流体力学@x高等学校@j教材 |
| 690 | @aTB126@v4 | |
| 701 | 0 | @a孔珑@Akong long@4主编 |
| 801 | 0 | @aCN@c20070927 |
| 905 | @dTB126@eK752 | |
| 工程流体力学/孔珑主编.-第3版.-北京:中国电力出版社,2007.02 |
| 289页:图;26cm |
| 普通高等教育“十一五”国家级规划教材 |
| ISBN 978-7-5083-4870-4:CNY28.00 |
| 本教材共有十章。内容包括:绪论,流体及其物理性质,流体静力学,流体运动学和流体动力学基础,相似原理和量纲分析,管内流动和水力计算,液体出流,气体的一维流动,理想流体的有旋流动和无旋流动,黏性流体绕过物体的流动,气体的二维流动。 |
| ● |
| 相关链接 |
|
|
|
正题名:工程流体力学
索取号:TB126/K752
 
预约/预借
| 序号 | 登录号 | 条形码 | 馆藏地/架位号 | 状态 | 备注 |
| 1 | 246173 | 202461736 | 自科库501/501自科库 4排1列5层/ [索取号:TB126/K752] | 在馆 | |
| 2 | 246174 | 202461745 | 自科库501/501自科库 4排1列5层/ [索取号:TB126/K752] | 在馆 | |
| 3 | 246175 | 202461754 | 自科库501/501自科库 4排1列5层/ [索取号:TB126/K752] | 在馆 |